Statistics for Top 300 MLB Fantasy Players 2022

Click here to take the quiz!

General Stats

  • This quiz has been taken 298 times
  • The average score is 110 of 300

Answer Stats

HintAnswer% Correct
13MIke Trout
93%
11 | 91Shohei Ohtani
91%
27Aaron Judge
81%
3Juan Soto
79%
12Mookie Betts
79%
9Ronald Acuna Jr
79%
15Freddie Freeman
77%
237Gregory Soto
77%
4Vladimir Guerrero Jr
77%
0Bryce Harper
74%
17Max Scherzer
74%
2Trea Turner
74%
21Jacob deGrom
73%
134Justin Turner
73%
1Fernando Tatis Jr
72%
7Gerrit Cole
72%
123Josh Bell
71%
66Giancarlo Stanton
70%
54Jose Altuve
69%
6Bo Bichette
68%
5Jose Ramirez
68%
32Matt Olson
68%
84 | 149Will Smith
67%
109Justin Verlander
66%
126Clayton Kershaw
65%
41Francisco Lindor
65%
47Pete Alonso
65%
95Cody Bellinger
64%
64Corey Seager
64%
73Carlos Correa
63%
23Manny Machado
63%
53Nolan Arenado
63%
58Alex Bregman
61%
89Aroldis Chapman
61%
78Ketel Marte
61%
168Matt Chapman
61%
42Paul Goldschmidt
61%
18Rafael Devers
61%
28Starling Marte
61%
81Christian Yelich
60%
141Ian Anderson
60%
31Tim Anderson
60%
8Corbin Burnes
59%
227Kike Hernandez
59%
29Marcus Semien
59%
30Teoscar Hernandez
59%
34Xander Bogaerts
59%
22Ozzie Albies
57%
138Anthony Rizzo
56%
65Jose Abreu
56%
25Yordan Alvarez
56%
24Zack Wheeler
56%
43Aaron Nola
55%
79J.T. Realmuto
55%
33Cedric Mullins
54%
49George Springer
54%
93Kris Bryant
54%
16Kyle Tucker
54%
37Salvador Perez
54%
45Sandy Alcantara
54%
105Edwin Diaz
53%
273Elias Diaz
53%
74Javier Baez
53%
294Julio Rodriguez
52%
50NIck Castellanos
52%
200Alex Wood
51%
39Austin Riley
51%
144Eduardo Rodriguez
51%
62J.D. Martinez
51%
131Joey Votto
51%
38Julio Urias
51%
72Max Fried
51%
100Anthony Rendon
50%
118Dansby Swanson
50%
211Luis Urias
50%
14Walker Buehler
50%
195Brandon Crawford
49%
114C.J. Cron
49%
57Josh Hader
49%
35Trevor Story
49%
116Kyle Schwarber
48%
19Luis Robert
48%
20Brandon Woodruff
47%
145Chris Taylor
47%
106Max Muncy
47%
55Randy Arozarena
47%
48Robbie Ray
47%
26Shane Bieber
47%
87Yu Darvish
47%
56Byron Buxton
46%
165Gleyber Torres
46%
299Jeff McNeil
46%
252Jesus Sanchez
46%
44Wander Franco
46%
146Willson Contreras
46%
199Adam Wainwright
45%
156Adolis Garcia
45%
139Avisail Garcia
45%
255Gary Sanchez
45%
130Lourdes Gurriel Jr
45%
157Luis Garcia
45%
110Nelson Cruz
45%
251Oneil Cruz
45%
155Yuli Gurriel
45%
184Eugenio Suarez
44%
124Kenley Jansen
44%
203Ranger Suarez
44%
40Whit Merrifield
44%
83Bryan Reynolds
43%
111Blake Snell
42%
268Brandon Nimmo
42%
59Chris Sale
42%
71Brandon Lowe
41%
104DJ Lemahieu
41%
154Josh Donaldson
41%
36Lucas Giolito
41%
216Nathaniel Lowe
41%
132Rhys Hoskins
41%
275Taijuan Walker
41%
159Trey Mancini
41%
117Bobby Wittt Jr
39%
208Brandon Belt
39%
129Jake Cronenworth
39%
254Jon Gray
39%
278Josiah Gray
39%
51Lance Lynn
39%
101Ryan Mountcastle
39%
140Sonny Gray
39%
113Yasmani Grandal
39%
280Devin Williams
38%
282Nicky Lopez
38%
115Pablo Lopez
38%
265Sean Murphy
38%
147Alex Verdugo
37%
88Carlos Rodon
37%
201Charlie Blackmon
37%
90Jesse Winker
37%
135Joey Gallo
37%
86Jonathan India
37%
77Charlie Morton
36%
217Eduardo Escobar
36%
60Freddy Peralta
36%
171Marcus Stroman
36%
128Nathan Eovaldi
36%
190Seiya Suzuki
36%
137Willy Adames
36%
92Jazz Chisholm Jr
35%
177Jean Segura
35%
70Luis Castilllo
35%
108Tommy Edman
35%
143Ty France
35%
262Zack Greinke
35%
182Amed Rosario
34%
175Eddie Rosario
34%
256Eric Hosmer
34%
247Harrison Bader
34%
173Hyun Jin Ryu
34%
212Kolten Wong
34%
76Logan Webb
34%
196Luis Severino
34%
46Tyler O'Neill
34%
291Andrew McCutchen
33%
125Framber Valdez
33%
160Jorge Soler
33%
61Liam Hendriks
33%
186Marcell Ozuna
33%
290Alec Bohm
32%
239Kyle Hendricks
32%
97Mitch Haniger
32%
133Yoan Moncada
32%
188Brendan Rodgers
31%
52Eloy Jimenez
31%
152MIchael Brantley
31%
241Trevor Bauer
31%
197Craig Kimbrel
30%
170Ian Happ
30%
99Jared Walsh
30%
169Ke'Bryan Hayes
30%
121Trent Grisham
30%
96Dylan Cease
29%
257Gio Urshela
29%
67Jack Flaherty
29%
189John Means
29%
225Mark Canha
29%
229Noah Syndergaard
29%
220Travis d'Arnaud
29%
245Max Kepler
28%
151MIchael Conforto
28%
267Stephen Strasburg
28%
80Frankie Montas
27%
276Isiah Kiner-Falefa
27%
288Patrick Wisdom
27%
127Zac Gallen
27%
180Adam Duvall
26%
215Bobby Dalbec
26%
209Tommy Pham
26%
94Alex Manoah
25%
122Chris Bassitt
25%
281Gavin Lux
25%
75Joe Musgrove
25%
289Luke Voit
25%
234Taylor Rogers
25%
98Trevor Rogers
25%
206AJ Pollock
24%
292Alejandro Kirk
24%
204Andrew Benintendi
24%
233Anthony Santander
24%
142Hunter Renfroe
24%
85Jorge Polanco
24%
112Shane McClanahan
24%
119Austin Meadows
23%
286Carson Kelly
23%
103Franmil Reyes
23%
202German Marquez
23%
174Lance McCullers Jr
23%
228Mike Yastrzemski
23%
136Sean Manaea
23%
192Austin Hays
22%
266Christian Vazquez
22%
161Dylan Carlson
22%
238Jesus Aguilar
22%
213Jordan Montgomery
22%
214MIguel Sano
22%
253Mike Zunino
22%
193Myles Straw
22%
82Raisel Iglesias
22%
107Ryan Pressly
22%
272Spencer Torkelson
22%
219Wil Myers
22%
258Matt Barnes
21%
263Adley Rutschman
20%
102Emmanuel Clase
20%
166Ryan McMahon
20%
269Yusei Kikuchi
20%
221Jo Adell
19%
69Adalberto Mondesi
18%
150Daulton Varsho
18%
244Joe Ryan
18%
207Jonathan Schoop
18%
210Keibert Ruiz
18%
176Robbie Grossman
18%
205Akil Baddoo
17%
222MItch Garver
17%
274Carlos Carrasco
16%
223Frank Schwindel
16%
153Jarred Kelenic
16%
230Josh Rojas
16%
259Casey Mize
15%
270Jameson Taillon
15%
163Logan Gilbert
15%
298Omar Narvaez
15%
68Jose Berrios
14%
249Tony Gonsolin
14%
120Tyler Mahle
14%
250Andrew Vaughn
13%
242Jeimer Candelario
13%
162Jordan Romano
13%
172Mark Melancon
13%
158MIchael Kopech
13%
167Mike Clevinger
13%
232Patrick Sandoval
13%
198Ramon Laureano
13%
224Triston McKenzie
13%
264Zach Plesac
13%
226Aaron Civale
12%
261Alex Cobb
12%
179Blake Treinen
12%
181Corey Knebel
12%
178Tarik Skubal
12%
187Anthony DeSclafani
11%
148Giiovanny Gallegos
11%
185Jose Urquidy
11%
240Raimel Tapia
11%
300Chris Paddack
10%
297Jonathan Villar
10%
260Kyle Lewis
10%
183Camilo Doval
9%
246Garrett Whitlock
9%
236Steven Matz
9%
235Tanner Houck
9%
271Andrew Heaney
8%
243Huascar Ynoa
8%
194Tyler Stephenson
8%
191Alex Kirilloff
7%
248Cal Quantrill
7%
293Andrew Kittredge
6%
231David Bednar
6%
295Lou Trivino
6%
164Shane Baz
6%
284Jake McGee
5%
277Joe Barlow
5%
283Paul Sewald
5%
218Scott Barlow
5%
63Kevin Gausmann
4%
279Dylan Floro
3%
287Garrett Hampson
2%
296James Kaprielian
1%
285Lucas Sims
1%

Score Distribution

Percentile by Number Answered

Percent of People with Each Score

Your Score History

You have not taken this quiz